[Event "2. Open Patrimonio de la Humanidad"]
[Site "Alcalá de Henares ESP"]
[Date "2007.10.09"]
[Round "3.43"]
[White "Sanchez Rodajo, Pedro L"]
[Black "Sanchez Millan, Eduardo"]
[Result "0-1"]
[WhiteElo "1717"]
[BlackElo "1976"]
[PlyCount "106"]
[EventDate "2007.10.07"]
[EventType "swiss"]
[EventRounds "9"]
[EventCountry "ESP"]
[Source "lmi"]
[SourceDate "2007.10.07"]

1. Nf3 Nf6 2. b4 e6 3. a3 c5 4. b5 d5 5. e3 Bd6 6. Bb2 Nbd7 7. c4 O-O 8. Be2
Re8 9. Qc2 b6 10. d3 Bb7 11. Nbd2 a6 12. a4 e5 13. e4 d4 14. Nh4 g6 15. g4 Nxe4
16. dxe4 Qxh4 17. Qd3 Bf8 18. Bc1 axb5 19. cxb5 c4 20. Nxc4 Nc5 21. Qg3 Qxg3
22. hxg3 d3 23. Bf3 Nb3 24. Rb1 Nd4 25. Bg2 Bc5 26. Bg5 Rxa4 27. Nd2 Bb4 28.
O-O Bc8 29. f3 Be6 30. Be3 Nc2 31. Kf2 Ra2 32. Rfd1 Rd8 33. Bxb6 Rd6 34. Bc7
Bc5+ 35. Kf1 Ne3+ 36. Ke1 Nxg2+ 37. Kf1 Ne3+ 38. Ke1 Rd7 39. b6 Bxb6 40. Bxb6
Nxd1 41. Kxd1 Rb7 42. Kc1 Rc2+ 43. Kd1 Bd7 44. Nf1 Rc6 45. Ne3 Rcxb6 46. Rxb6
Rxb6 47. Nd5 Rd6 48. Kd2 Rxd5 49. exd5 Bb5 50. d6 Kf8 51. g5 Ke8 52. f4 e4 53.
g4 Kd7 0-1

[Event "2. Open Patrimonio de la Humanidad"]
[Site "Alcalá de Henares ESP"]
[Date "2007.10.09"]
[Round "3.49"]
[White "Morona Minguez, Irene"]
[Black "Sierra Soria, Maria"]
[Result "0-1"]
[WhiteElo "1806"]
[BlackElo "1660"]
[PlyCount "96"]
[EventDate "2007.10.07"]
[EventType "swiss"]
[EventRounds "9"]
[EventCountry "ESP"]
[Source "lmi"]
[SourceDate "2007.10.07"]

1. e4 c5 2. Nc3 e6 3. g3 d5 4. exd5 exd5 5. d4 cxd4 6. Qxd4 Nf6 7. Bg2 Nc6 8.
Qd1 Bb4 9. Bd2 O-O 10. Nge2 Bg4 11. h3 Bh5 12. O-O Nd4 13. f3 Bc5 14. Kh2 Bg6
15. Nxd4 Bxd4 16. Bg5 Bxc3 17. bxc3 Qd6 18. c4 Nh5 19. f4 d4 20. Bxb7 Rab8 21.
Bd5 h6 22. Bh4 Rb2 23. f5 Bxf5 24. Qxh5 Rxc2+ 25. Kh1 Be6 26. Qf3 g5 27. Bxg5
hxg5 28. Be4 Rb2 29. Qh5 f5 30. Qxg5+ Kh8 31. Qf4 Qxf4 32. Rxf4 Bxc4 33. Rxf5
Rxf5 34. Bxf5 d3 35. Rd1 d2 36. Bg4 Bxa2 37. Ra1 Bd5+ 38. Kg1 Bb3 39. Bd1 Bxd1
40. Rxd1 a5 41. Kf2 a4 42. Ke2 a3 43. Rf1 a2 44. Rf8+ Kg7 45. Ra8 d1=Q+ 46.
Kxd1 Rb1+ 47. Kd2 a1=Q 48. Rxa1 Rxa1 0-1

[Event "2. Open Patrimonio de la Humanidad"]
[Site "Alcalá de Henares ESP"]
[Date "2007.10.10"]
[Round "4.2"]
[White "Suba, Mihai"]
[Black "Guliyev, Namig"]
[Result "1/2-1/2"]
[WhiteElo "2502"]
[BlackElo "2560"]
[PlyCount "56"]
[EventDate "2007.10.07"]
[EventType "swiss"]
[EventRounds "9"]
[EventCountry "ESP"]
[Source "lmi"]
[SourceDate "2007.10.07"]

1. c4 e5 2. g3 Nc6 3. Bg2 g6 4. Nc3 Bg7 5. e4 Nge7 6. Nge2 O-O 7. d3 a6 8. O-O
Rb8 9. Be3 Nd4 10. Qd2 d6 11. Nd5 Nxe2+ 12. Qxe2 Nxd5 13. cxd5 c6 14. a4 cxd5
15. exd5 Bd7 16. Qd2 b5 17. a5 f5 18. Bb6 Qf6 19. Rfc1 Rbc8 20. Rxc8 Rxc8 21.
Rc1 f4 22. Rxc8+ Bxc8 23. Qc1 Bf5 24. Be4 h5 25. Qc6 Bf8 26. Qe8 fxg3 27. hxg3
Qf7 28. Qa8 Qg7 1/2-1/2

[Event "2. Open Patrimonio de la Humanidad"]
[Site "Alcalá de Henares ESP"]
[Date "2007.10.10"]
[Round "4.3"]
[White "Kovalyov, Anton"]
[Black "Moreno Ruiz, Javier"]
[Result "1-0"]
[WhiteElo "2510"]
[BlackElo "2466"]
[PlyCount "91"]
[EventDate "2007.10.07"]
[EventType "swiss"]
[EventRounds "9"]
[EventCountry "ESP"]
[Source "lmi"]
[SourceDate "2007.10.07"]

1. c4 c5 2. Nf3 g6 3. d4 cxd4 4. Nxd4 Nc6 5. e4 Nf6 6. Nc3 d6 7. f3 Nxd4 8.
Qxd4 Bg7 9. Be3 O-O 10. Qd2 a5 11. Rd1 Be6 12. b3 Nd7 13. Be2 Nc5 14. O-O Qb6
15. Nb5 Rfc8 16. Rb1 Qd8 17. Rfe1 h5 18. Bf1 Kh7 19. Nd4 Bd7 20. Kh1 Qf8 21.
Bf2 Bh6 22. Qd1 Bg5 23. g3 Bf6 24. Nc2 Qh8 25. Ne3 Bd4 26. Qe2 Bc6 27. Red1 e5
28. Be1 Ne6 29. Nc2 Bc5 30. Bh3 Rf8 31. a3 Qf6 32. Bc3 Ng5 33. Bg2 h4 34. b4
axb4 35. axb4 h3 36. bxc5 hxg2+ 37. Kxg2 dxc5 38. Ne3 Qe6 39. Nd5 Qh3+ 40. Kh1
f5 41. Bxe5 fxe4 42. fxe4 Rae8 43. Bf4 Nxe4 44. Qc2 Rxf4 45. Nxf4 Nf2+ 46. Kg1
1-0

[Event "2. Open Patrimonio de la Humanidad"]
[Site "Alcalá de Henares ESP"]
[Date "2007.10.10"]
[Round "4.4"]
[White "Krivoshey, Sergei"]
[Black "Fedorchuk, Sergey A"]
[Result "1/2-1/2"]
[WhiteElo "2484"]
[BlackElo "2645"]
[PlyCount "36"]
[EventDate "2007.10.07"]
[EventType "swiss"]
[EventRounds "9"]
[EventCountry "ESP"]
[Source "lmi"]
[SourceDate "2007.10.07"]

1. Nf3 Nf6 2. c4 e6 3. Nc3 Bb4 4. Qc2 O-O 5. a3 Bxc3 6. Qxc3 d6 7. e3 a5 8. b3
b6 9. Bb2 Bb7 10. Be2 Nbd7 11. O-O e5 12. b4 Qe7 13. d4 Rfe8 14. Rfd1 Ne4 15.
Qc2 exd4 16. Nxd4 Qg5 17. Nf3 Qh6 18. Bf1 Ndf6 1/2-1/2

[Event "2. Open Patrimonio de la Humanidad"]
[Site "Alcalá de Henares ESP"]
[Date "2007.10.10"]
[Round "4.5"]
[White "Pogorelov, Ruslan"]
[Black "Mirzoev, Azer"]
[Result "1/2-1/2"]
[WhiteElo "2411"]
[BlackElo "2545"]
[PlyCount "29"]
[EventDate "2007.10.07"]
[EventType "swiss"]
[EventRounds "9"]
[EventCountry "ESP"]
[Source "lmi"]
[SourceDate "2007.10.07"]

1. Nf3 d5 2. c4 d4 3. e3 Nc6 4. exd4 Nxd4 5. Nxd4 Qxd4 6. d3 Nf6 7. Nc3 e5 8.
Be3 Qd8 9. Be2 Be7 10. O-O O-O 11. d4 exd4 12. Qxd4 Qxd4 13. Bxd4 c6 14. Rfe1
Be6 15. Rad1 1/2-1/2

[Event "2. Open Patrimonio de la Humanidad"]
[Site "Alcalá de Henares ESP"]
[Date "2007.10.10"]
[Round "4.6"]
[White "Arribas Lopez, Angel"]
[Black "Dgebuadze, Alexandre"]
[Result "1/2-1/2"]
[WhiteElo "2312"]
[BlackElo "2505"]
[PlyCount "97"]
[EventDate "2007.10.07"]
[EventType "swiss"]
[EventRounds "9"]
[EventCountry "ESP"]
[Source "lmi"]
[SourceDate "2007.10.07"]

1. e4 e6 2. d4 d5 3. e5 c5 4. Qg4 Nc6 5. Nf3 Nge7 6. Bd3 Nb4 7. dxc5 Nxd3+ 8.
cxd3 Nf5 9. d4 b6 10. Bg5 Qd7 11. O-O bxc5 12. dxc5 Bxc5 13. Nbd2 Ba6 14. Rfe1
Bb6 15. Nb3 Rc8 16. Rac1 Rc4 17. Rxc4 dxc4 18. Nbd2 h6 19. Bf4 Ba5 20. Rc1 Qd5
21. Nf1 c3 22. bxc3 Bxf1 23. Rxf1 Bxc3 24. Bd2 Bxd2 25. Qa4+ Qd7 26. Qxd7+ Kxd7
27. Rd1 Ne7 28. Rxd2+ Nd5 29. Nd4 Rc8 30. f3 Rc5 31. Kf2 Kc7 32. g3 g5 33. Rb2
a6 34. Rc2 Rxc2+ 35. Nxc2 Kc6 36. Ke2 Kc5 37. a3 Kc4 38. Kd2 a5 39. h3 a4 40.
Ne3+ Nxe3 41. Kxe3 h5 42. h4 gxh4 43. gxh4 Kb3 44. Kd3 Kxa3 45. Kc3 Ka2 46. Kc2
Ka1 47. Kc1 Ka2 48. Kc2 Ka3 49. Kc3 1/2-1/2

[Event "2. Open Patrimonio de la Humanidad"]
[Site "Alcalá de Henares ESP"]
[Date "2007.10.10"]
[Round "4.7"]
[White "Gongora Reyes, Maikel"]
[Black "Abreu Delgado, Aryam"]
[Result "1/2-1/2"]
[WhiteElo "2410"]
[BlackElo "2479"]
[PlyCount "39"]
[EventDate "2007.10.07"]
[EventType "swiss"]
[EventRounds "9"]
[EventCountry "ESP"]
[Source "lmi"]
[SourceDate "2007.10.07"]

1. c4 c6 2. d4 d5 3. cxd5 cxd5 4. Bf4 Nf6 5. e3 Nc6 6. Nc3 Bf5 7. Bd3 Bxd3 8.
Qxd3 e6 9. Nf3 Be7 10. O-O O-O 11. Ne5 Nxe5 12. Bxe5 Rc8 13. Rfc1 Nd7 14. Bg3
Qb6 15. Rc2 Rc6 16. Rac1 Rfc8 17. Na4 Qa5 18. Rxc6 Rxc6 19. Rxc6 bxc6 20. Nc3
1/2-1/2

[Event "2. Open Patrimonio de la Humanidad"]
[Site "Alcalá de Henares ESP"]
[Date "2007.10.10"]
[Round "4.8"]
[White "Rizouk, Aimen"]
[Black "Sanchez Rojo, Gustavo"]
[Result "1-0"]
[WhiteElo "2470"]
[BlackElo "2257"]
[PlyCount "53"]
[EventDate "2007.10.07"]
[EventType "swiss"]
[EventRounds "9"]
[EventCountry "ESP"]
[Source "lmi"]
[SourceDate "2007.10.07"]

1. e4 c5 2. Nf3 Nc6 3. Bb5 e6 4. O-O Nge7 5. b3 Ng6 6. Bb2 f6 7. Re1 Be7 8. c3
O-O 9. d4 cxd4 10. cxd4 d5 11. Nc3 dxe4 12. Nxe4 Nb4 13. a3 Nd5 14. Rc1 a6 15.
Bf1 b6 16. g3 Bb7 17. h4 Re8 18. h5 Nf8 19. h6 g5 20. Bh3 f5 21. Ne5 Ng6 22.
Qh5 Nxe5 23. dxe5 g4 24. Nf6+ Bxf6 25. exf6 Qd7 26. Qg5+ Kf8 27. Be5 1-0

[Event "2. Open Patrimonio de la Humanidad"]
[Site "Alcalá de Henares ESP"]
[Date "2007.10.10"]
[Round "4.9"]
[White "Roa Alonso, Santiago"]
[Black "Lymar, Irina"]
[Result "1-0"]
[WhiteElo "2451"]
[BlackElo "2264"]
[PlyCount "41"]
[EventDate "2007.10.07"]
[EventType "swiss"]
[EventRounds "9"]
[EventCountry "ESP"]
[Source "lmi"]
[SourceDate "2007.10.07"]

1. e4 c5 2. Nf3 e6 3. d4 cxd4 4. Nxd4 a6 5. Nc3 Qc7 6. Bd3 Nc6 7. Be3 Nf6 8.
O-O Be7 9. Kh1 b5 10. a3 Bb7 11. f4 d6 12. Qf3 O-O 13. Qh3 Nxd4 14. Bxd4 e5 15.
fxe5 dxe5 16. Qg3 Bd6 17. Be3 Nh5 18. Qh4 g6 19. Bh6 Rfe8 20. Rf3 Be7 21. Qxh5
1-0

[Event "2. Open Patrimonio de la Humanidad"]
[Site "Alcalá de Henares ESP"]
[Date "2007.10.10"]
[Round "4.10"]
[White "Lacrosse, Marc"]
[Black "Iturrizaga, Eduardo"]
[Result "0-1"]
[WhiteElo "2254"]
[BlackElo "2435"]
[PlyCount "74"]
[EventDate "2007.10.07"]
[EventType "swiss"]
[EventRounds "9"]
[EventCountry "ESP"]
[Source "lmi"]
[SourceDate "2007.10.07"]

1. d4 Nf6 2. c4 e6 3. Nf3 Bb4+ 4. Bd2 a5 5. g3 d6 6. Bg2 Nbd7 7. O-O e5 8. Bc1
exd4 9. Nxd4 O-O 10. b3 Re8 11. Bb2 Ne5 12. Nc3 c6 13. Na4 Qc7 14. Qc2 h5 15.
Nf3 Nxf3+ 16. Bxf3 Bh3 17. Rfd1 Ng4 18. a3 Bc5 19. Nxc5 dxc5 20. Qf5 Nxf2 21.
Qxh5 Nxd1 22. Rxd1 Rad8 23. Rxd8 Qxd8 24. Qxh3 Qd2 25. Ba1 Qd1+ 26. Qf1 Qxf1+
27. Kxf1 Re3 28. Ke1 Rxb3 29. Kd2 Rxa3 30. Bb2 Rb3 31. Bc3 a4 32. Kc2 Rb6 33.
Be4 a3 34. Kc1 a2 35. Bd3 Rb3 36. Be5 b5 37. Kc2 Rb1 0-1

[Event "2. Open Patrimonio de la Humanidad"]
[Site "Alcalá de Henares ESP"]
[Date "2007.10.10"]
[Round "4.12"]
[White "Perez Mitjans, Orelvis"]
[Black "Martinez Escribano, Jose Angel"]
[Result "1-0"]
[WhiteElo "2421"]
[BlackElo "2027"]
[PlyCount "51"]
[EventDate "2007.10.07"]
[EventType "swiss"]
[EventRounds "9"]
[EventCountry "ESP"]
[Source "lmi"]
[SourceDate "2007.10.07"]

1. e4 c5 2. Nf3 d6 3. d4 cxd4 4. Nxd4 Nf6 5. Nc3 a6 6. Bg5 e6 7. f4 Qb6 8. Qd2
Qxb2 9. Nb3 Qa3 10. Bxf6 gxf6 11. Be2 h5 12. O-O Qb4 13. Kh1 Qb6 14. f5 Nd7 15.
fxe6 fxe6 16. Nd4 Ke7 17. Nxe6 Kxe6 18. Bc4+ d5 19. Nxd5 Qc5 20. Bb3 Bh6 21.
Qd3 Ne5 22. Rxf6+ Kd7 23. Qh3+ Ng4 24. Rf7+ Kd8 25. Qh4+ Ke8 26. Re7+ 1-0

[Event "2. Open Patrimonio de la Humanidad"]
[Site "Alcalá de Henares ESP"]
[Date "2007.10.10"]
[Round "4.13"]
[White "Paniagua Tineo, Arturo"]
[Black "Valles Moreno, Ivan"]
[Result "0-1"]
[WhiteElo "2049"]
[BlackElo "2402"]
[PlyCount "64"]
[EventDate "2007.10.07"]
[EventType "swiss"]
[EventRounds "9"]
[EventCountry "ESP"]
[Source "lmi"]
[SourceDate "2007.10.07"]

1. d4 d5 2. c4 dxc4 3. e4 Nc6 4. Be3 Nf6 5. Nc3 e5 6. d5 Na5 7. Qa4+ Bd7 8. Qc2
b5 9. Nf3 Bd6 10. b3 b4 11. bxc4 Ng4 12. Nd1 Nxe3 13. Nxe3 Nb7 14. g3 Nc5 15.
Bg2 O-O 16. O-O a5 17. Nd2 a4 18. f4 Qe7 19. Nf5 Bxf5 20. exf5 exf4 21. Rae1
Qf6 22. gxf4 Rfb8 23. Rf3 Qd4+ 24. Kh1 b3 25. axb3 a3 26. Rc3 Qxf4 27. Nf3 a2
28. Ra1 Ne4 29. Rd3 Bc5 30. Rd2 Nxd2 31. Nxd2 Qd4 32. Qc1 Ba3 0-1

[Event "2. Open Patrimonio de la Humanidad"]
[Site "Alcalá de Henares ESP"]
[Date "2007.10.10"]
[Round "4.14"]
[White "Serafimov, Tervel"]
[Black "Laurentiu, Burlacu"]
[Result "1-0"]
[WhiteElo "2379"]
[BlackElo "2009"]
[PlyCount "39"]
[EventDate "2007.10.07"]
[EventType "swiss"]
[EventRounds "9"]
[EventCountry "ESP"]
[Source "lmi"]
[SourceDate "2007.10.07"]

1. g3 e5 2. Bg2 Nc6 3. c4 Bc5 4. Nc3 d6 5. e3 Be6 6. Nd5 f5 7. Ne2 Nf6 8. d4
Bb4+ 9. Nxb4 Nxb4 10. Qa4+ Nc6 11. d5 Bd7 12. dxc6 bxc6 13. Bxc6 O-O 14. Bxd7
Nxd7 15. O-O Nc5 16. Qc6 a5 17. b3 Ra6 18. Qd5+ Kh8 19. Rd1 Rf6 20. Qxc5 1-0

[Event "2. Open Patrimonio de la Humanidad"]
[Site "Alcalá de Henares ESP"]
[Date "2007.10.10"]
[Round "4.15"]
[White "Sanchez-Alarcos Galian, Victor"]
[Black "Serrano Salvador, Eduardo"]
[Result "0-1"]
[WhiteElo "2020"]
[BlackElo "2376"]
[PlyCount "108"]
[EventDate "2007.10.07"]
[EventType "swiss"]
[EventRounds "9"]
[EventCountry "ESP"]
[Source "lmi"]
[SourceDate "2007.10.07"]

1. d4 d5 2. c4 c6 3. Nf3 Nf6 4. e3 Bf5 5. Nc3 e6 6. Nh4 Bg4 7. Qb3 Qb6 8. h3
Bh5 9. Bd2 Nbd7 10. g4 Bg6 11. Nxg6 hxg6 12. g5 Ng8 13. Bd3 Ne7 14. f4 Nf5 15.
Kf2 Be7 16. Rag1 O-O-O 17. c5 Qxb3 18. axb3 Rh7 19. Bxf5 gxf5 20. Kg2 f6 21.
gxf6 Bxf6 22. Kf3 Rdh8 23. Rg3 Bh4 24. Rg6 Bf6 25. Rg3 Kd8 26. Ra1 a6 27. Rh1
Ke8 28. Ne2 Bh4 29. Rg2 Nf6 30. Nc3 Kf7 31. Rgg1 Rh5 32. Rg2 g5 33. fxg5 Bxg5
34. Rg3 Bh4 35. Rg2 Nh7 36. Ke2 Bd8 37. Be1 Nf6 38. Rg3 Ne4 39. Nxe4 dxe4 40.
Kf1 Bc7 41. Kg2 Bxg3 42. Bxg3 Rg5 43. Kh2 Rhg8 44. Rg1 a5 45. Rg2 Ke8 46. Rg1
Kd7 47. Bf2 Rxg1 48. Bxg1 e5 49. dxe5 Ke6 50. Bf2 Kxe5 51. Bg3+ Kd5 52. Bc7
Kxc5 53. Bxa5 f4 54. exf4 e3 0-1

[Event "2. Open Patrimonio de la Humanidad"]
[Site "Alcalá de Henares ESP"]
[Date "2007.10.10"]
[Round "4.16"]
[White "Wehmeier, Manuel"]
[Black "Madina Yadarola, Martin"]
[Result "0-1"]
[WhiteElo "2013"]
[BlackElo "2344"]
[PlyCount "116"]
[EventDate "2007.10.07"]
[EventType "swiss"]
[EventRounds "9"]
[EventCountry "ESP"]
[Source "lmi"]
[SourceDate "2007.10.07"]

1. d4 Nf6 2. Nf3 e6 3. g3 b5 4. Bg2 Bb7 5. O-O Be7 6. b3 O-O 7. c4 bxc4 8. bxc4
c5 9. d5 exd5 10. Ne5 d6 11. cxd5 dxe5 12. d6 Bxg2 13. dxe7 Qxe7 14. Kxg2 Nc6
15. Qa4 Nd4 16. Nc3 Qb7+ 17. f3 Qb4 18. Bd2 Rfd8 19. Rfd1 Qxa4 20. Nxa4 Nxe2
21. Nxc5 Rac8 22. Nb3 Rc2 23. Kf1 Nd4 24. Be3 h5 25. Nxd4 exd4 26. Rxd4 Re8 27.
Bd2 Re5 28. a4 Rf5 29. Ke2 Rb2 30. Ra3 Rb1 31. Re3 Rh1 32. h4 Rh2+ 33. Kd3 Rf2
34. f4 Ng4 35. Re8+ Kh7 36. Rdd8 Kg6 37. Rd6+ Nf6 38. Be1 Ra2 39. a5 Rb5 40.
Re5 Rb1 41. Kc3 Kh7 42. Re7 Rxa5 43. Kc2 Raa1 44. Bc3 Rc1+ 45. Kb3 Rab1+ 46.
Kc4 Rb6 47. Rxb6 axb6 48. Re5 Kh6 49. Kd3 Ng4 50. Rb5 Rg1 51. Rxb6+ f6 52. Bd4
Rxg3+ 53. Ke4 Rh3 54. Bc5 Rxh4 55. Rb8 Kh7 56. Rb7 Nh6 57. Bf2 Rg4 58. Bd4 Kg6
0-1

[Event "2. Open Patrimonio de la Humanidad"]
[Site "Alcalá de Henares ESP"]
[Date "2007.10.10"]
[Round "4.17"]
[White "Rubio Mejia, Luis Ignacio"]
[Black "Tejedor Ariza, Francisco"]
[Result "1-0"]
[WhiteElo "2327"]
[BlackElo "1987"]
[PlyCount "85"]
[EventDate "2007.10.07"]
[EventType "swiss"]
[EventRounds "9"]
[EventCountry "ESP"]
[Source "lmi"]
[SourceDate "2007.10.07"]

1. d4 d5 2. c4 e6 3. Nc3 Nf6 4. cxd5 exd5 5. Bg5 Be7 6. Qc2 c6 7. e3 O-O 8. Bd3
Nbd7 9. Nge2 Re8 10. h3 Ne4 11. Bxe7 Qxe7 12. Bxe4 dxe4 13. g4 Nf6 14. Ng3 h6
15. O-O-O b6 16. Qa4 Bd7 17. Qa6 g6 18. Rhg1 Qd6 19. Kb1 Bc8 20. Qa4 Bb7 21. h4
g5 22. Nf5 Qf8 23. Rg3 b5 24. Qc2 Re6 25. hxg5 Nd5 26. Nxh6+ Rxh6 27. gxh6 Qe7
28. Nxd5 cxd5 29. Qc5 Qd7 30. Rc1 Rc8 31. Qa3 Rxc1+ 32. Kxc1 Qc6+ 33. Qc5 Qa6
34. h7+ Kxh7 35. Qf8 Kg6 36. Rh3 Kg5 37. Qg7+ Qg6 38. Qxg6+ Kxg6 39. Rh5 a5 40.
Re5 a4 41. a3 Bc6 42. Kd2 Kf6 43. Kc3 1-0

[Event "2. Open Patrimonio de la Humanidad"]
[Site "Alcalá de Henares ESP"]
[Date "2007.10.10"]
[Round "4.18"]
[White "Rodriguez Lopez, Ruben"]
[Black "Rabadan Velasco, Raul"]
[Result "1/2-1/2"]
[WhiteElo "2012"]
[BlackElo "2307"]
[PlyCount "105"]
[EventDate "2007.10.07"]
[EventType "swiss"]
[EventRounds "9"]
[EventCountry "ESP"]
[Source "lmi"]
[SourceDate "2007.10.07"]

1. e4 c5 2. Nf3 d6 3. c3 Nf6 4. Be2 Nbd7 5. d3 e5 6. O-O Be7 7. Nbd2 Nf8 8. d4
Ng6 9. dxe5 dxe5 10. Nc4 Qc7 11. Bg5 O-O 12. Bxf6 Bxf6 13. Qd6 Qxd6 14. Nxd6
Nf4 15. Bc4 Bg4 16. Ne1 Be7 17. Nf5 Bg5 18. h3 Bh5 19. Ng3 Bg6 20. Nf3 Bf6 21.
Rfd1 Rfd8 22. Kh2 Kf8 23. Nf5 Bxf5 24. exf5 e4 25. Nd2 Be5 26. Nxe4 Nd3+ 27. f4
Bxf4+ 28. g3 Nxb2 29. Rxd8+ Rxd8 30. Be2 Be5 31. Rb1 Na4 32. Rxb7 Nxc3 33. Nxc3
Rd2 34. Kh1 Rc2 35. Ne4 Rxe2 36. Nxc5 Bxg3 37. Rxa7 Bd6 38. Nb7 Be5 39. a4 Rh2+
40. Kg1 Rxh3 41. Ra8+ Ke7 42. a5 Ra3 43. Nd8 Bc3 44. Nc6+ Kd6 45. Ra6 Kc5 46.
f6 gxf6 47. Ne7 Bxa5 48. Rxf6 Bd8 49. Rxf7 Ra7 50. Rf5+ Kc4 51. Nc6 Bb6+ 52.
Kg2 Ra2+ 53. Kf3 1/2-1/2

[Event "2. Open Patrimonio de la Humanidad"]
[Site "Alcalá de Henares ESP"]
[Date "2007.10.10"]
[Round "4.19"]
[White "Arauz Alonso, Fernando"]
[Black "Rivas Vila, David"]
[Result "1-0"]
[WhiteElo "1965"]
[BlackElo "2241"]
[PlyCount "109"]
[EventDate "2007.10.07"]
[EventType "swiss"]
[EventRounds "9"]
[EventCountry "ESP"]
[Source "lmi"]
[SourceDate "2007.10.07"]

1. e4 c5 2. d3 Nc6 3. g3 g6 4. Bg2 Bg7 5. Nf3 d6 6. O-O Rb8 7. c3 Nf6 8. Re1
O-O 9. d4 cxd4 10. cxd4 b6 11. Nc3 Qd7 12. Bf4 Bb7 13. Qd2 Rfd8 14. Rad1 Rbc8
15. Bh6 Bh8 16. Ng5 Qe8 17. Bh3 Nd7 18. Ne6 Nf6 19. Nb5 Na5 20. Nxa7 Ra8 21.
Nc7 Qa4 22. b3 Nxb3 23. axb3 Qxa7 24. Nxa8 Bxa8 25. f3 Bc6 26. Ra1 Qb7 27. Bg2
Ne8 28. Be3 Nc7 29. d5 Bd7 30. Bd4 Bxd4+ 31. Qxd4 Na6 32. b4 Rc8 33. Rec1 b5
34. Bf1 f6 35. Rc3 Rxc3 36. Qxc3 Qb6+ 37. Kg2 Kf7 38. Ra2 h5 39. Qa3 Bc8 40.
Qa5 Qd4 41. Bxb5 Nxb4 42. Rf2 h4 43. Qd8 Bh3+ 44. Kxh3 Qxf2 45. Be8+ Kf8 46.
Bd7+ Kg7 47. Qxe7+ Kh6 48. Qf8+ Kh7 49. Qf7+ Kh6 50. Be8 Qf1+ 51. Kxh4 g5+ 52.
Kg4 f5+ 53. Qxf5 Kg7 54. Qg6+ Kh8 55. Qf6+ 1-0

[Event "2. Open Patrimonio de la Humanidad"]
[Site "Alcalá de Henares ESP"]
[Date "2007.10.10"]
[Round "4.20"]
[White "Bouthier, Jacques"]
[Black "De La Fuente Gonzalez, Francisco"]
[Result "0-1"]
[WhiteElo "1959"]
[BlackElo "2233"]
[PlyCount "72"]
[EventDate "2007.10.07"]
[EventType "swiss"]
[EventRounds "9"]
[EventCountry "ESP"]
[Source "lmi"]
[SourceDate "2007.10.07"]

1. e4 e5 2. Nf3 Nf6 3. Nxe5 d6 4. Nf3 Nxe4 5. d4 d5 6. Bd3 Nc6 7. O-O Be7 8. c4
Nb4 9. Be2 O-O 10. Nc3 Bf5 11. Bf4 dxc4 12. Bxc4 c6 13. Ne5 Nxc3 14. bxc3 Nd5
15. Bd2 Qd6 16. Be2 f6 17. Ng4 Qc7 18. Ne3 Nxe3 19. Bxe3 Bd6 20. g3 Rae8 21. c4
Bh3 22. Re1 Bxg3 23. hxg3 Rxe3 24. Bf3 Rxe1+ 25. Qxe1 Qd7 26. d5 Re8 27. Qd2
cxd5 28. cxd5 Qd6 29. Rb1 b6 30. Rc1 Bd7 31. Qd3 f5 32. Qa6 f4 33. Kg2 fxg3 34.
fxg3 Qh6 35. Rd1 Bh3+ 36. Kg1 Qe3+ 0-1

[Event "2. Open Patrimonio de la Humanidad"]
[Site "Alcalá de Henares ESP"]
[Date "2007.10.10"]
[Round "4.21"]
[White "Cuadrado Lopez, Francisco Javier"]
[Black "Sanchez, Nicolas"]
[Result "0-1"]
[WhiteElo "1952"]
[BlackElo "2201"]
[PlyCount "58"]
[EventDate "2007.10.07"]
[EventType "swiss"]
[EventRounds "9"]
[EventCountry "ESP"]
[Source "lmi"]
[SourceDate "2007.10.07"]

1. e4 g6 2. d4 Bg7 3. Nc3 d6 4. f4 Nf6 5. Nf3 O-O 6. Be3 b6 7. Bd3 Bb7 8. Qd2
c5 9. O-O-O cxd4 10. Nxd4 Nbd7 11. h3 Nc5 12. e5 dxe5 13. fxe5 Nxd3+ 14. Qxd3
Nd5 15. e6 Nxc3 16. Qxc3 Rc8 17. exf7+ Rxf7 18. Qb3 Qd5 19. Rhg1 Qe4 20. Nf3
Qc4 21. Qxc4 Rxc4 22. Ng5 Rf8 23. Ne6 Rfc8 24. Rd8+ Rxd8 25. Nxd8 Bd5 26. Rd1
e6 27. Nb7 Bxb7 28. Rd8+ Bf8 29. Bh6 Rc8 0-1

[Event "2. Open Patrimonio de la Humanidad"]
[Site "Alcalá de Henares ESP"]
[Date "2007.10.10"]
[Round "4.22"]
[White "Sanchez Gonzalez, Sergio"]
[Black "Piñeiro Lozano, Luis"]
[Result "1-0"]
[WhiteElo "2177"]
[BlackElo "1924"]
[PlyCount "47"]
[EventDate "2007.10.07"]
[EventType "swiss"]
[EventRounds "9"]
[EventCountry "ESP"]
[Source "lmi"]
[SourceDate "2007.10.07"]

1. c4 e5 2. Nc3 Nc6 3. g3 g6 4. Bg2 Bg7 5. e3 Nge7 6. Nge2 O-O 7. O-O d6 8. d4
exd4 9. Nxd4 Ne5 10. Qb3 N7c6 11. Nxc6 Nxc6 12. Nd5 Rb8 13. Bd2 Bf5 14. Bc3 Ne5
15. e4 Be6 16. f4 Bxd5 17. cxd5 Nd7 18. Bxg7 Kxg7 19. Rac1 Kg8 20. Qc3 Rc8 21.
e5 dxe5 22. fxe5 Qe7 23. Bh3 Rfe8 24. e6 1-0

[Event "2. Open Patrimonio de la Humanidad"]
[Site "Alcalá de Henares ESP"]
[Date "2007.10.10"]
[Round "4.23"]
[White "Montero Garcia, Francisco Javier"]
[Black "Ruano Marco, Javier"]
[Result "1-0"]
[WhiteElo "1935"]
[BlackElo "2177"]
[PlyCount "79"]
[EventDate "2007.10.07"]
[EventType "swiss"]
[EventRounds "9"]
[EventCountry "ESP"]
[Source "lmi"]
[SourceDate "2007.10.07"]

1. e4 c5 2. Nf3 Nc6 3. d4 cxd4 4. Nxd4 Nf6 5. Nc3 e5 6. Ndb5 d6 7. Bg5 a6 8.
Na3 b5 9. Bxf6 gxf6 10. Nd5 Bg7 11. c3 f5 12. Bd3 Ne7 13. Nxe7 Qxe7 14. O-O O-O
15. Nc2 f4 16. a4 bxa4 17. Rxa4 Bb7 18. Qe2 f5 19. f3 a5 20. Rfa1 d5 21. Rxa5
Rxa5 22. Rxa5 fxe4 23. fxe4 Qg5 24. Ne1 Qg6 25. Ra4 Qc6 26. Rb4 d4 27. cxd4
exd4 28. Qc2 Qxc2 29. Nxc2 Ra8 30. Nxd4 Rd8 31. Bc4+ Kh8 32. Bd5 Bxd5 33. exd5
Bf6 34. Ne6 Re8 35. Rxf4 Bxb2 36. d6 Be5 37. d7 Rb8 38. Rf8+ Rxf8 39. Nxf8 Bf6
40. Ne6 1-0

[Event "2. Open Patrimonio de la Humanidad"]
[Site "Alcalá de Henares ESP"]
[Date "2007.10.10"]
[Round "4.24"]
[White "Bote Kobolo, Benjamin"]
[Black "Ramos Aldoradin, John Paul"]
[Result "1-0"]
[WhiteElo "1894"]
[BlackElo "2129"]
[PlyCount "87"]
[EventDate "2007.10.07"]
[EventType "swiss"]
[EventRounds "9"]
[EventCountry "ESP"]
[Source "lmi"]
[SourceDate "2007.10.07"]

1. e4 c5 2. Nc3 Nc6 3. Nf3 g6 4. d4 cxd4 5. Nxd4 Bg7 6. Be3 d6 7. Be2 Bd7 8.
O-O Nf6 9. Bf3 O-O 10. Nd5 Rc8 11. Nxc6 bxc6 12. Nxf6+ Bxf6 13. c3 c5 14. Qd2
Rb8 15. Rfc1 a5 16. Rab1 Be6 17. c4 Qc7 18. Bh6 Rfe8 19. Bg5 Bh8 20. h4 Rb4 21.
b3 Reb8 22. Qd3 Qa7 23. Bd2 R4b6 24. h5 a4 25. b4 Rxb4 26. Bxb4 cxb4 27. hxg6
hxg6 28. g3 b3 29. axb3 a3 30. Ra1 Bxa1 31. Rxa1 Qc5 32. Kg2 Qb4 33. Bd1 Ra8
34. Bc2 Kg7 35. Qd4+ f6 36. f4 Bg4 37. e5 dxe5 38. fxe5 Be6 39. exf6+ exf6 40.
Qe4 Re8 41. Qxg6+ Kf8 42. Qxf6+ Bf7 43. Qh6+ Ke7 44. Rd1 1-0